000 00666nam a2200181Ia 4500
008 090124s9999 xx 000 0 und d
082 _b18285
100 _aठाकूर जनार्दन
245 _a इंदिरा गांधींचे साथीदार
250 _a1
260 _bउत्कर्ष प्रकाशन
_c1978
300 _a232
600 _aठाकूर जनार्दन
630 _a इंदिरा गांधींचे साथीदार
700 _aठाकूर जनार्दन
730 _a इंदिरा गांधींचे साथीदार
942 _cBOOK
999 _c89447
_d89447